000 00445nam a2200145Ia 4500
008 100122s9999 xx 000 0 und d
082 _b12173
_a823
100 _aसाठे अण्णाभाऊ
245 _aकेवड्याचे कणीस
260 _bदि.कृ.पै
_c1963
300 _a91
630 _aकेवड्याचे कणीस
730 _aकेवड्याचे कणीस
942 _cBOOK
999 _c403374
_d403371